| 000 | 01823nam a2200253Ia 4500 | ||
|---|---|---|---|
| 008 | 260220t1988||||xx |||||||||||||| ||spa|| | ||
| 040 |
_aPY-SlUNAC _bspa _erda |
||
| 041 | _aspa | ||
| 082 |
_a512 _bG978a |
||
| 100 |
_aGusiátnikov, P. B. _eAutor |
||
| 245 | 0 |
_aAlgebra vectorial en ejemplos y problemas / _cpor P. B. Gusiátnikov [Autor] y S. V. Reynichenko [Autor] |
|
| 264 |
_aMoscú : _bMir, _c℗1988. |
||
| 300 | _a1 volumen | ||
| 520 | _aEl libro "Álgebra vectorial en ejemplos y problemas" de P. B. Gusiátnikov ofrece un enfoque práctico para el estudio del álgebra vectorial, combinando teoría y aplicaciones mediante una serie de ejemplos y problemas resueltos. Este texto está diseñado para estudiantes y profesionales que buscan entender los conceptos fundamentales de la disciplina, tales como vectores, operaciones vectoriales, espacios vectoriales y transformaciones lineales. A lo largo de sus capítulos, Gusiátnikov presenta explicaciones claras y concisas, seguidas de ejercicios que facilitan la asimilación de los temas tratados. La obra destaca la importancia del álgebra vectorial en diversas áreas de la ciencia y la ingeniería, proporcionando un contexto práctico que hace que los conceptos sean más accesibles. Además, incluye soluciones detalladas a los problemas propuestos, lo que permite a los lectores evaluar su comprensión y dominio del material. En conjunto, el libro se presenta como una herramienta valiosa para el aprendizaje y la práctica del álgebra vectorial. | ||
| 653 | _aÁlgebra | ||
| 653 | _aEjemplos y problemas | ||
| 653 | _aMatemáticas | ||
| 700 |
_aReynichenko, S. V. _eAutor |
||
| 942 |
_b2026/02/17 _cBK |
||
| 999 |
_c7438 _d7438 |
||